Catálogo
 En Linea

Dominican Republic : (Registro nro. 50624)

Detalles MARC
000 -CABECERA
campo de control de longitud fija 00915nam a22002537a 4500
003 - IDENTIFICADOR DEL NÚMERO DE CONTROL
campo de control DO-SdBNP
005 - FECHA Y HORA DE LA ÚLTIMA TRANSACCIÓN
campo de control 20210922123314.0
007 - CAMPO FIJO DE DESCRIPCIÓN FÍSICA--INFORMACIÓN GENERAL
campo de control de longitud fija ta
008 - DATOS DE LONGITUD FIJA--INFORMACIÓN GENERAL
campo de control de longitud fija 210922b ||||| |||| 00| 0 eng d
040 ## - FUENTE DE LA CATALOGACIÓN
Centro catalogador/agencia de origen DO-SdBNP
Lengua de catalogación eng
Centro/agencia transcriptor BNPHU
082 ## - NÚMERO DE LA CLASIFICACIÓN DECIMAL DEWEY
Número de edición 22
Número de clasificación 917.07293
Número de documento/Ítem D671o
110 1# - ENTRADA PRINCIPAL--NOMBRE DE ENTIDAD CORPORATIVA
Nombre de entidad corporativa o nombre de jurisdicción como elemento de entrada United States. Defense Mapping Agency. Topographic Center
9 (RLIN) 80005
242 1# - TÍTULO TRADUCIDO POR EL CENTRO/AGENCIA CATALOGADOR
Título República Dominicana.
Resto del título nombres estándar oficiales /
Mención de responsabilidad, etc. Estados Unidos
245 1# - MENCIÓN DE TÍTULO
Título Dominican Republic :
Resto del título Official standard names approved by the United States Board on Geographic Names /
Mención de responsabilidad, etc. United States
250 ## - MENCIÓN DE EDICIÓN
Mención de edición 2da.
260 ## - PUBLICACIÓN, DISTRIBUCIÓN, ETC.
Lugar de publicación, distribución, etc. Washington :
Nombre del editor, distribuidor, etc. [s.n.],
Fecha de publicación, distribución, etc. 1972.
300 ## - DESCRIPCIÓN FÍSICA
Extensión 477 p.
Otras características físicas map.;
Dimensiones 20 cm.
490 ## - MENCIÓN DE SERIE
Mención de serie Gazetteer (United States Board on Geographic Names)
590 ## - NOTA LOCAL (RLIN)
Nota local Inventariado,2021 / SA
650 4# - PUNTO DE ACCESO ADICIONAL DE MATERIA--TÉRMINO DE MATERIA
Término de materia o nombre geográfico como elemento de entrada Dominican Republic -- Gazetteers.
9 (RLIN) 80006
650 4# - PUNTO DE ACCESO ADICIONAL DE MATERIA--TÉRMINO DE MATERIA
Término de materia o nombre geográfico como elemento de entrada Dominican Republic.
9 (RLIN) 80007
910 ## - DATOS DE OPCIÓN DEL USUARIO (OCLC)
Datos de opción del usuario Saquino
942 ## - ELEMENTOS DE PUNTO DE ACCESO ADICIONAL (KOHA)
Fuente del sistema de clasificación o colocación Dewey Decimal Classification
Tipo de ítem Koha Libro
Existencias
Estado de retiro Estado de pérdida Fuente del sistema de clasificación o colocación Restricciones de uso No para préstamo Código de colección Localización permanente Ubicación/localización actual Ubicación en estantería Fecha de adquisición Fuente de adquisición Total de préstamos Signatura topográfica completa Código de barras Fecha visto por última vez Precio válido a partir de Tipo de ítem Koha Nota pública
    Dewey Decimal Classification Excluido de préstamo   Monografías: Libros y Folletos Biblioteca Nacional Pedro Henríquez Ureña Patrimonio Dominicano Depósito 22.09.2021 Donado   BNPHU PD 917.07293 D671o 2021-26932 22.09.2021 22.09.2021 Libro S/A

Con tecnología Koha